MARC details
| 000 -LEADER |
| fixed length control field |
00847cam a2200193 4500 |
| 001 - CONTROL NUMBER |
| control field |
WS114786 |
| 008 - FIXED-LENGTH DATA ELEMENTS--GENERAL INFORMATION |
| fixed length control field |
010921n 000 0 eng u |
| 035 ## - SYSTEM CONTROL NUMBER |
| System control number |
(Sirsi) u114786 |
| 110 ## - MAIN ENTRY--CORPORATE NAME |
| Corporate name or jurisdiction name as entry element |
Revo |
| 9 (RLIN) |
6180 |
| 245 ## - TITLE STATEMENT |
| Title |
Revo |
| Medium |
[electronic resource] |
| 520 ## - SUMMARY, ETC. |
| Summary, etc. |
Formerly British Council of Shopping Centres (name change September 2016) representing all interests in the shopping centre industry from owners and managers to designers and contractors. Includes pages on news, events and publications. Member of International Council of Shopping Centres (September 2018) |
| 650 ## - SUBJECT ADDED ENTRY--TOPICAL TERM |
| Topical term or geographic name entry element |
BRITISH COUNCIL OF SHOPPING CENTRES |
| 650 ## - SUBJECT ADDED ENTRY--TOPICAL TERM |
| Topical term or geographic name entry element |
SHOPPING CENTRES |
| 650 24 - SUBJECT ADDED ENTRY--TOPICAL TERM |
| Topical term or geographic name entry element |
RETAIL |
| 650 24 - SUBJECT ADDED ENTRY--TOPICAL TERM |
| Topical term or geographic name entry element |
REVO |
| 690 ## - LOCAL SUBJECT ADDED ENTRY--TOPICAL TERM (OCLC, RLIN) |
| Topical term or geographic name as entry element |
Commercial property |
| 9 (RLIN) |
6227 |
| 856 40 - ELECTRONIC LOCATION AND ACCESS |
| Uniform Resource Identifier |
<a href="https://www.revocommunity.org//">https://www.revocommunity.org//</a> |
| Public note |
View the website free of charge at wwwrevocommunity.org |
| 942 ## - ADDED ENTRY ELEMENTS (KOHA) |
| Suppress in OPAC |
0 |